[Event "Skudai Kejohanan op"]
[Site "Skudai"]
[Date "2016.02.01"]
[Round "3"]
[White "Liew, Ken Yew"]
[Black "Wong, Chiong Ho Charlie"]
[Result "1-0"]
[WhiteElo "1736"]
[BlackElo "1532"]
[PlyCount "73"]
[EventDate "2016.01.31"]
[EventType "swiss"]
[EventRounds "9"]
[EventCountry "MAS"]
[SourceTitle "CBM 170 Extra"]
[Source "ChessBase"]
[SourceDate "2016.02.25"]
[SourceVersion "1"]
[SourceVersionDate "2016.02.25"]
[SourceQuality "1"]

1. e4 c5 2. Nf3 d6 3. g3 Nf6 4. d3 e6 5. Bg2 Be7 6. 0-0 0-0 7. Re1 Nc6 8. Nbd2 Qc7 9. c3 Bd7 10. a3 a5 11. a4 Rab8 12. Nc4 b5 13. axb5 Rxb5 14. e5 Ne8 15. exd6 Nxd6 16. Nfe5 Nxe5 17. Nxe5 Bc8 18. c4 Rb4 19. Nc6 Rb6 20. Nxe7+ Qxe7 21. Rxa5 Nf5 22. b4 Rxb4 23. Ba3 Rb8 24. Bxc5 Qc7 25. Qa1 Rd8 26. Rd1 Ba6 27. d4 Bxc4 28. Rc1 Bd5 29. Ba7 Qb7 30. Bxd5 exd5 31. Bxb8 Qxb8 32. Rac5 h6 33. Qc3 Ne7 34. Rc7 Re8 35. Re1 Qd8 36. Qc5 Kf8 37. Rexe7 1-0

[Event "Kuala Lumpur Varsity-ch 20th"]
[Site "Kuala Lumpur"]
[Date "2016.01.23"]
[Round "5"]
[White "Azman Hisham, Nur Nabila"]
[Black "Liew, Ken Yew"]
[Result "0-1"]
[WhiteElo "1961"]
[BlackElo "1804"]
[PlyCount "122"]
[EventDate "2016.01.21"]
[EventType "swiss"]
[EventRounds "9"]
[EventCountry "MAS"]
[SourceTitle "CBM 170 Extra"]
[Source "ChessBase"]
[SourceDate "2016.02.25"]
[SourceVersion "1"]
[SourceVersionDate "2016.02.25"]
[SourceQuality "1"]

1. d4 Nf6 2. c4 c5 3. d5 e6 4. Nc3 exd5 5. cxd5 d6 6. e4 g6 7. f4 a6 8. a4 Bg7 9. Be2 0-0 10. Nf3 Nbd7 11. 0-0 Re8 12. Qc2 Qc7 13. Nd2 Rb8 14. b3 h5 15. Bb2 Nh7 16. a5 Ndf6 17. Bf3 Ng4 18. Bxg4 Bxg4 19. Nc4 Bd4+ 20. Kh1 Qe7 21. Rae1 f5 22. e5 dxe5 23. fxe5 Qh4 24. Na4 Ng5 25. g3 Qh3 26. Qg2 Qxg2+ 27. Kxg2 Bh3+ 28. Kh1 Bxf1 29. Rxf1 Bxb2 30. Naxb2 Rbd8 31. d6 Ne4 32. Nd3 Kf7 33. Kg2 Kg7 34. h3 Kf7 35. Nf4 Rd7 36. Nd5 Ke6 37. Rd1 g5 38. h4 gxh4 39. Nf4+ Kf7 40. gxh4 Rdd8 41. Nxh5 Rh8 42. Nf4 Rxh4 43. Kf3 Rg8 44. e6+ Kf6 45. Nd5+ Kxe6 46. Nc7+ Kf6 47. Ne3 Rg3+ 48. Ke2 Rh2+ 49. Kd3 Nf2+ 50. Kc4 Nxd1 51. Ncd5+ Ke5 52. Nxd1 Rc2+ 53. N1c3 Rcxc3+ 54. Nxc3 Rxc3+ 55. Kxc3 Kxd6 56. Kd3 Kd5 57. Ke3 c4 58. bxc4+ Kxc4 59. Kf4 Kb5 60. Kxf5 Kxa5 61. Ke4 Kb4 0-1

[Event "Penang op-B 7th"]
[Site "Penang"]
[Date "2015.12.09"]
[Round "4"]
[White "Liew, Ken Yew"]
[Black "Chong, Ming Ee"]
[Result "1-0"]
[WhiteElo "1842"]
[BlackElo "1431"]
[PlyCount "52"]
[EventDate "2015.12.07"]
[EventType "swiss"]
[EventRounds "9"]
[EventCountry "MAS"]
[SourceTitle "CBM 170 Extra"]
[Source "ChessBase"]
[SourceDate "2016.02.25"]
[SourceVersion "1"]
[SourceVersionDate "2016.02.25"]
[SourceQuality "1"]

1. e4 c5 2. Nf3 Nc6 3. Bb5 Nd4 4. Nxd4 cxd4 5. 0-0 g6 6. d3 Bg7 7. f4 a6 8. Bc4 e6 9. f5 exf5 10. Nd2 Nf6 11. exf5 d5 12. Re1+ Kf8 13. Bb3 Bxf5 14. Nf3 Bg4 15. h3 Bxf3 16. Qxf3 Qd6 17. Bf4 Qc6 18. Be5 Rd8 19. Rf1 Rd6 20. Bxd6+ Qxd6 21. Rae1 Qd7 22. Qf4 b5 23. Qb8+ Ne8 24. Bxd5 f5 25. Qa8 Bh6 26. Bc6 Be3+ 1-0

[Event "Kuala Lumpur Arena op"]
[Site "Kuala Lumpur"]
[Date "2015.11.14"]
[Round "3"]
[White "Aminuddin, Nur Farihah"]
[Black "Liew, Ken Yew"]
[Result "0-1"]
[WhiteElo "1576"]
[BlackElo "1836"]
[PlyCount "44"]
[EventDate "2015.11.13"]
[EventType "swiss"]
[EventRounds "7"]
[EventCountry "MAS"]
[SourceTitle "EXT 2017"]
[Source "ChessBase"]
[SourceDate "2016.10.25"]
[SourceVersion "1"]
[SourceVersionDate "2016.10.25"]
[SourceQuality "1"]

1. d4 Nf6 2. Nf3 c5 3. e3 e6 4. Nbd2 d5 5. b3 Be7 6. Bb2 0-0 7. Be2 Ne4 8. 0-0 f5 9. c4 Nc6 10. cxd5 exd5 11. Bb5 Be6 12. Bxc6 bxc6 13. Rc1 f4 14. Nxe4 dxe4 15. Ne5 f3 16. Nxc6 Qe8 17. Nxe7+ Qxe7 18. dxc5 fxg2 19. Kxg2 Qh4 20. f4 exf3+ 21. Rxf3 Qe4 22. Kf2 Rxf3+ 0-1

[Event "Kuala Lumpur Arena op"]
[Site "Kuala Lumpur"]
[Date "2015.11.14"]
[Round "5"]
[White "Kwan, Tszee Yeung Ruby"]
[Black "Liew, Ken Yew"]
[Result "0-1"]
[WhiteElo "1754"]
[BlackElo "1836"]
[PlyCount "112"]
[EventDate "2015.11.13"]
[EventType "swiss"]
[EventRounds "7"]
[EventCountry "MAS"]
[SourceTitle "EXT 2017"]
[Source "ChessBase"]
[SourceDate "2016.10.25"]
[SourceVersion "1"]
[SourceVersionDate "2016.10.25"]
[SourceQuality "1"]

1. e4 Nf6 2. Nc3 Nc6 3. d4 d6 4. f4 g6 5. Nf3 Bg7 6. Bc4 0-0 7. 0-0 Na5 8. Be2 c5 9. dxc5 dxc5 10. Be3 b6 11. Qe1 Bb7 12. Rd1 Qc8 13. Nd2 Ng4 14. Bxg4 Qxg4 15. h3 Qc8 16. e5 Qc6 17. Qf2 f6 18. exf6 exf6 19. Nf3 Nc4 20. Bc1 f5 21. Nd5 Rae8 22. b3 Nd6 23. c4 Ne4 24. Qh4 Qd6 25. Kh1 Bxd5 26. Rxd5 Qe7 27. Qxe7 Ng3+ 28. Kg1 Rxe7 29. Rfd1 Ne2+ 30. Kh2 Nd4 31. Ne5 Bxe5 32. Rxe5 Rxe5 33. fxe5 Kf7 34. Bb2 Rd8 35. Bxd4 Rxd4 36. Re1 Ke6 37. Kg3 g5 38. Kf3 h5 39. Re2 h4 40. g4 fxg4+ 41. hxg4 Rf4+ 42. Kg2 Rxg4+ 43. Kh3 Rg3+ 44. Kh2 Rf3 45. Rg2 Rf5 46. Kh3 Rxe5 47. Rf2 Re3+ 48. Kh2 Ke5 49. Rf8 g4 50. Re8+ Kf4 51. Rf8+ Ke4 52. Re8+ Kd3 53. Rd8+ Kc3 54. Rh8 Kb2 55. Rxh4 Rh3+ 56. Rxh3 gxh3 0-1

[Event "Kuala Lumpur Arena op"]
[Site "Kuala Lumpur"]
[Date "2015.11.14"]
[Round "4"]
[White "Liew, Ken Yew"]
[Black "Chor, Mohd Ali"]
[Result "1/2-1/2"]
[WhiteElo "1836"]
[BlackElo "1906"]
[PlyCount "188"]
[EventDate "2015.11.13"]
[EventType "swiss"]
[EventRounds "7"]
[EventCountry "MAS"]
[SourceTitle "EXT 2017"]
[Source "ChessBase"]
[SourceDate "2016.10.25"]
[SourceVersion "1"]
[SourceVersionDate "2016.10.25"]
[SourceQuality "1"]

1. Nf3 e6 2. g3 f5 3. Bg2 Nf6 4. 0-0 Be7 5. d3 0-0 6. c4 Nc6 7. Nc3 d6 8. e4 e5 9. Nd5 fxe4 10. Nxf6+ Bxf6 11. dxe4 Be6 12. b3 Qd7 13. Be3 Ne7 14. Qd2 Bh3 15. Rad1 Qg4 16. Bxh3 Qxh3 17. Ne1 Kh8 18. f3 Ng6 19. Qg2 Qe6 20. Nc2 a5 21. a4 Rae8 22. Na3 Bd8 23. Nb5 Rf7 24. Rd3 b6 25. Kh1 Ref8 26. Bg1 Ne7 27. Be3 Nc6 28. Bd2 Qg6 29. Kg1 Qh5 30. Bc3 Bg5 31. Na3 Qh6 32. Nc2 Nd8 33. h4 Be7 34. Ne3 Qe6 35. h5 Nc6 36. g4 Bg5 37. Nf5 Ne7 38. Bd2 Qf6 39. Qh3 h6 40. Bxg5 Qxg5 41. Kg2 Nc6 42. Nh4 Ne7 43. Qg3 Kh7 44. Rh1 Rf6 45. Nf5 Nc6 46. Qh4 Qf4 47. Qg3 Qg5 48. Qh4 Qxh4 49. Rxh4 R8f7 50. Rh1 Nd8 51. Kg3 Ne6 52. Rf1 Nf4 53. Rd2 Ne6 54. Rd3 Nc5 55. Re3 Ne6 56. f4 exf4+ 57. Rxf4 Nxf4 58. Kxf4 Re7 59. e5 dxe5+ 60. Rxe5 Rxe5 61. Kxe5 Kg8 62. Ne7+ Kf8 63. Nd5 Rf7 64. Nf4 Ke8 65. Ng6 Rf3 66. Kd5 Rxb3 67. Kc6 Kd8 68. Nf8 Re3 69. Kd5 Ke8 70. Ne6 Kd7 71. Nxg7 Rg3 72. Ne6 Rxg4 73. Nf8+ Ke8 74. Ne6 Rh4 75. Kc6 Rxh5 76. Nxc7+ Kf7 77. Kxb6 Rg5 78. Nb5 h5 79. c5 h4 80. c6 h3 81. c7 Rg8 82. Nd6+ Ke6 83. c8Q+ Rxc8 84. Nxc8 h2 85. Na7 h1Q 86. Ka6 Kd7 87. Nb5 Qe1 88. Kb6 Qb4 89. Ka6 Kc8 90. Na7+ Kb8 91. Nc6+ Ka8 92. Nxa5 Qxa4 93. Kb6 Qd7 94. Nc6 Qd5 1/2-1/2

[Event "Kuala Lumpur Arena op"]
[Site "Kuala Lumpur"]
[Date "2015.11.13"]
[Round "2"]
[White "Liew, Ken Yew"]
[Black "Radin Yahaya, Radin Shafierul"]
[Result "1-0"]
[WhiteElo "1836"]
[BlackElo "1435"]
[PlyCount "79"]
[EventDate "2015.11.13"]
[EventType "swiss"]
[EventRounds "7"]
[EventCountry "MAS"]
[SourceTitle "EXT 2017"]
[Source "ChessBase"]
[SourceDate "2016.10.25"]
[SourceVersion "1"]
[SourceVersionDate "2016.10.25"]
[SourceQuality "1"]

1. d4 d5 2. e3 e6 3. Bd3 Nf6 4. f4 Bd6 5. Nf3 c5 6. c3 Nc6 7. 0-0 a6 8. Ne5 Nd7 9. Qg4 0-0 10. Nd2 f5 11. Qe2 Nf6 12. Rf3 Ne4 13. Rh3 Bxe5 14. dxe5 Qe8 15. Nf3 c4 16. Bc2 Qe7 17. Bd2 Bd7 18. Be1 Qf7 19. Bxe4 fxe4 20. Ng5 Qg6 21. Rxh7 Rf5 22. Qh5 Qxh5 23. Rxh5 Nd8 24. g4 Rf8 25. Bg3 Nf7 26. Nh7 Rfc8 27. Rf1 Be8 28. Rh4 Nh6 29. Ng5 Bd7 30. f5 Re8 31. f6 Rf8 32. Nh3 b5 33. Bf4 Nf7 34. g5 g6 35. Nf2 Nd8 36. Ng4 Nf7 37. Nh6+ Nxh6 38. Rxh6 Kf7 39. Rh7+ Ke8 40. Rg7 1-0

[Event "Penang op 4th"]
[Site "Penang"]
[Date "2012.12.13"]
[Round "6"]
[White "Diano, Eden"]
[Black "Liew, Ken Yew"]
[Result "1-0"]
[WhiteElo "2370"]
[BlackElo "1838"]
[PlyCount "57"]
[EventDate "2012.12.11"]
[EventType "swiss"]
[EventRounds "9"]
[EventCountry "MAS"]
[SourceTitle "EXT 2014"]
[Source "ChessBase"]
[SourceDate "2013.11.20"]
[SourceVersion "1"]
[SourceVersionDate "2013.11.20"]
[SourceQuality "1"]

1. d4 d5 2. c4 e6 3. Nc3 Nf6 4. Bg5 Be7 5. e3 h6 6. Bh4 0-0 7. Nf3 b6 8. Bd3 Bb7 9. 0-0 Nbd7 10. Rc1 c5 11. Qe2 cxd4 12. exd4 Re8 13. Bg3 Bf8 14. Nb5 Ne4 15. Bxe4 dxe4 16. Nd2 e5 17. dxe5 a6 18. e6 axb5 19. exd7 Qxd7 20. cxb5 Rxa2 21. Rc7 Qd5 22. Nb1 Ra7 23. Nc3 Qf5 24. Qc4 Re6 25. Rd1 e3 26. f3 Bc5 27. Ne2 Qf6 28. b4 Ra1 29. Rc1 1-0